000 00568nam a2200241Ia 4500
005 20260306150711.0
008 008 260114s9999 xx 000 0 eng d
020 _a9781479823505
037 _aEbook
040 _aCRL
040 _beng
040 _cCRL
041 _2eng
041 _aeng
084 _qCRL
245 4 _aThe Varieties of Suicidal Experience
260 _bNew York University Press
260 _c2024
650 _aMedicine
856 _uhttps://www.degruyter.com/isbn/9781479823505
942 _cEBOOK
999 _c1698905
_d1698905